| 000 | 00747nam a2200253 a 4500 | ||
|---|---|---|---|
| 005 | 20210219152949.0 | ||
| 008 | 991125n 000 0 u | ||
| 035 | _aUPN01000069235 | ||
| 100 | _aEntwistle, N. J. | ||
| 222 | _aHIGHER EDUCATION | ||
| 245 | _aConstrasting forms of understanding for degree examinations : the student experience and its implications | ||
| 300 | _a205-228 | ||
| 362 | _a22, No. 3, 1991 | ||
| 505 | _aAbril 1992 | ||
| 653 | 0 | _aACTITUDES DEL ESTUDIANTE | |
| 653 | 0 | _aACTITUDES EDUCATIVAS | |
| 653 | 0 | _aCOMPRENSION | |
| 653 | 0 | _aESTILO COGNOSCITIVO | |
| 653 | 0 | _aESTUDIANTES EN EL COLEGIO | |
| 653 | 0 | _aINSTRUCCION COLEGIAL | |
| 700 | _aEntwistle, Abigail | ||
| 904 |
_aAC _b007046 |
||
| 905 | _aArticulo | ||
| 999 |
_c64898 _d64898 |
||